Science Quiz

Random Science or Math Quiz
Score 0/25 Timer 02:00
7 Plays Today
Number Square % Correct
11
88.4%
39
87.7%
525
87.4%
416
87.4%
981
87.3%
636
87.3%
10100
87.1%
864
86.8%
24
86.6%
749
85.9%
11121
84%
12144
84%
20400
82.7%
Number Square % Correct
13169
69.8%
15225
66.9%
25625
60.9%
14196
58.1%
16256
52%
21441
51%
22484
49.2%
19361
44.7%
17289
43.8%
18324
42.8%
24576
40.4%
23529
38.4%
Remove Ads.
Support Sporcle.
Get the best of Sporcle when you Go Orange. This ad-free experience offers more features, more stats, and more fun while also helping to support Sporcle. Thank you for becoming a member.

You're not logged in!

Compare scores with friends on all Sporcle quizzes.
OR
Log In

Show Comments

Extras

Top Quizzes Today


Score Distribution

Your Account Isn't Verified!

In order to create a playlist on Sporcle, you need to verify the email address you used during registration. Go to your Sporcle Settings to finish the process.

Report this User

Report this user for behavior that violates our Community Guidelines.

Details: